000
00264nam a2200097Ia 4500
001
1003111
005
20250826230443.0
008
250824s9999 xx 000 0 und d
245
0
_a
GİZEM REHBERİ İLE ARALIKSIZ EĞLENCE
_c
DİPPER PİNES
260
_b
BETA YAYINLARI
999
_c
1003111
_d
1003111